000 00777nas a2200265 4500
001 BR0705150
003 BR-BrBNA
005 20231205111215.0
007 ta
008 230509b bl.|||p| |||| 00| 00por d
040 _aBR-BrBNA
_bpor
_cBiblioteca Nacional de Agricultura
041 _a(Pt)
072 _aF01
100 1 _aCuquel, F.L.
100 1 _aGrossi, M.
245 1 _aProdução de antúrio no litoral do estado do Paraná
650 _aPLANTA ORNAMENTAL
650 _aANTÚRIO
650 _aFLOR
650 _aCOMERCIALIZAÇÃO
650 _aPRATICA CULTURAL
773 0 _tRevista Brasileira de Horticultura Ornamental (Brazil)
_xISSN 1414-039X
_g(2004), v.10(1-2) p. 35-37
_wBR0705150
909 _a202311
_bLúcia
_c55
_dLúcia Elande
942 _2AGRIS
_n0
_cANA
999 _c191340
_d191340